000
00443nam a2200145Ia 4500
008
100204s9999 xx 000 0 und d
082
_b
15710
100
_a
रणसिंग मोहन
245
_a
हृदय तरंग
260
_b
"मनोशिल्प प्रकाशन , मुंबई"
_c
1992
300
_a
73
630
_a
हृदय तरंग
730
_a
हृदय तरंग
942
_c
BOOK
999
_c
460133
_d
460130